000 00563nam a22001937a 4500
005 20250716154435.0
008 250716b |||||||| |||| 00| 0 eng d
020 _a978-1-337-40671-0
050 _aP 90 .S45 2018
100 _aSELLNOW,DEANNA D.
245 _aCOMM5
250 _a5
260 _aBOSTON, MA
_bCENGAGE LEARNING,
_c2018
300 _aVIII,312P.:ILL
500 _aINCLUDES BIBLIOGRAPHICAL REFERENCES AND INDEX
650 _a1. COMMUNICATION 2. PUBLIC SPEAKING
700 _a VERDERBER, KATHLEEN S
_aVERDERBER, RUDOLPH F.
942 _2lcc
_cBK
999 _c215904
_d215904